Darwin 2.0 : la teoría de la evolución en el siglo xxi /

Guardado en:
Autor Principal: Román, Valeria
Otros Autores: Cappozzo, Luis, Cereijido, Marcelino, pról.
Formato: Libro
Publicado: Buenos Aires : Marea, 2010
Series:Historia urgente
Materias:
Etiquetas: Agregar Etiqueta
Sin Etiquetas, Sea el primero en etiquetar este registro!
LEADER 01570nam a22002415a 4500
001 CEM.cems013455
005 20101220124826.0
008 130507s2010##################000#0#####d
003 CEMS
020 |a 9789871307234 
082 0 4 |a 575 
100 1 |a Román, Valeria 
245 1 0 |a Darwin 2.0 :  |b la teoría de la evolución en el siglo xxi /  |c Valeria Román y Luis Cappozzo ; prólogo de Marcelino Cereijido 
260 |a Buenos Aires :  |b Marea,  |c 2010 
300 |a 192 p. 
490 0 |a Historia urgente 
505 0 |a ¿Darwin fue el verdadero padre de la criatura? -- Los antecesores de Darwin -- Lamarck y Darwin: conceptos sobre el cambio -- La teoría de la evolución: sus actualizaciones y sus usos -- La evolución humana -- Los cazadores del eslabón perdido -- ¿Los dinosaurios están vivos? -- El mecanismo de selección natural y la supervivencia de piojos, bacterias y virus -- La primera Galápagos. Los barrancos argentinos que inspiraron a Darwin -- La supremacía del más fuerte y su utilización política -- Los perros guardianes de Darwin del siglo XXI -- El biógrafo definitivo de Darwin -- Nuevos diagnósticos sobre la enfermedad de Darwin -- La crisis de la idea de un dios creador -- La reacción contra Darwin -- Del creacionismo al diseño inteligente -- El darwinismo en Argentina y otros países latinoamericanos 
653 |a Evolución 
653 |a Teoría de la evolución 
653 |a Teoría de darwin 
700 1 |a Cappozzo, Luis 
700 1 |a Cereijido, Marcelino, pról. 
859 |a CEMS  |b BIB. CEMS - 11 de abril  |h 575  |i R661  |p 26073.10  |t Ej.1